1211 1300 1643 1828 1611 1486 1418 1621 1543 1375 1099 1545 1616 1619 1460 1473 1955 1325 1885 1477 1781 1948 1368 1475 1464 1830 1740 1452 1502 1110 1733 1633 1356 1285 1110 1737 1725 1090 1252 1004 1415 1279 1207 1510 1803 1671 1203 1224 1261 1802 1271 1263 1222 1089 1919 1190 1928 1489 1201 1844 1619 1541 1819 1382 1274 1451 1722 1540 1068 1417 1723 1320 1076 1785 1809 1283 1143 1250 1589 1041 1816 1407 1207 1481 1577 1262 1505 1950 1392 1861 1363 1628 1968 1469 1510 1418 1003 1864 1773 BCNSPRNW ULIB Ver.6.0+V

เปลี่ยนเป็นภาษาไทย

Change to English
 แสดงรายละเอียดบรรณานุกรม
  กลับหน้าหลัก

Brief Record : Get Marc (ISO 2709) : E-mail record : QR code < ปิดหน้าต่าง
LEADER : 00000nam 2200000uu 4500
001    13399108796
003     ULIB
008    110315s2545||||th 000 0 tha d
060  4 W76^bพ361ค 2545
110 1  กระทรวงสาธารณสุข^bสถาบันพระบรมราชชนก
245 00 การประชุมวิชาการพัฒนากำลังคนด้านสุขภาพประจำปี2545 "การปฏิรูปการศึกษาวิทยาศาสตร์สุขภาพ:หลักสูตรและการเรียนรู้":เปี่ยมล้นปัญญา/^cสาลิกา เมธนาวินและคณะ,บรรณาธิการ
260    นนทบุรี:^bสถาบันพระบรมราชชนก,^c2545
300    92 หน้า
650  7 การพัฒนากำลังคนด้านสุขภาพ^xการประชุม
700 0  สาลิกา เมธนาวินและคณะ,บรรณาธิการ
945    ^p0^l0^i016058
995    ทศพร
999 ^a ใช้งานได้ทุกระบบ
รายการนี้ยังไม่มีแท็ก
คุณยังไม่ได้ล็อกอิน คุณสามารถมีกิจกรรมร่วมกับเว็บไซต์ได้ แต่ต้องล็อกอินก่อน ::
  ล็อกอิน

รายการสื่อสารสนเทศ

ลำดับที่ ประเภท เลขเรียก/บาร์โค้ด สถานที่ สถานะ
- ไม่พบข้อมูล -

BibComment


ยังไม่เคยถูกคอมเมนท์

คอมเมนท์ทรัพยากรรายการนี้
  คอมเมนท์: การประชุมวิชาการพ..


 Copyright 2026. Bcnsprnw @Library